El exilio español en México, 1939-1982 / (Record no. 61556)

MARC details
000 -LEADER
campo de control de longitud fija 00712nam a2200229 i 4500
001 - NÚMERO DE CONTROL
campo de control 61556
003 - IDENTIFICADOR DE NÚMERO DE CONTROL
campo de control ES-MaACL
005 - FECHA Y HORA DE LA ÚLTIMA TRANSACCIÓN
campo de control 20250904002334.0
007 - CAMPO FIJO DE DESCRIPCIÓN FÍSICA--INFORMACIÓN GENERAL
campo de control de longitud fija t|
008 - DATOS DE LONGITUD FIJA--INFORMACIÓN GENERAL
campo de control de longitud fija 031112s1982 mx ||||1| spa d
020 ## - NÚMERO INTERNACIONAL ESTÁNDAR DEL LIBRO
Número Internacional Estándar del Libro 968-16-1300-7
245 03 - MENCIÓN DEL TÍTULO
Título El exilio español en México, 1939-1982 /
Mención de responsabilidad, etc. [prólogo José López Portillo].
250 ## - MENCION DE EDICION
Mención de edición 1ª ed.
260 ## - PUBLICACIÓN, DISTRIBUCIÓN, ETC.
Lugar de publicación, distribución, etc. México :
Nombre del editor, distribuidor, etc. Salvat :
-- Fondo de Cultura Económica,
Fecha de publicación, distribución, etc. 1982.
300 ## - DESCRIPCIÓN FÍSICA
Extensión 909 p. :
Otras características físicas il. ;
Dimensiones 24 cm.
504 ## - NOTA DE BIBLIOGRAFÍA, ETC.
Nota de bibliografía, etc. Bibliografía.
650 #4 - PUNTO DE ACCESO ADICIONAL DE MATERIA--TÉRMINO DE MATERIA
Término de materia o nombre geográfico como elemento de entrada Exiliados españoles-
Subdivisión geográfica México.
9 (RLIN) 12674
700 1# - ENTRADA AGREGADA--NOMBRE PERSONAL
Nombre de persona López Portillo y Pacheco, José,
Fechas asociadas al nombre 1920-2004
9 (RLIN) 173733
852 ## - LOCALIZACIÓN
Ubicación ES-MaACL
Número de control de estantería L-10619
852 ## - LOCALIZACIÓN
Ubicación ES-MaACL
Número de control de estantería L-6732
Holdings
Estatus retirado Estado de pérdida Estado de daño No para préstamo Biblioteca de origen Biblioteca actual Ubicación en estantería Fecha de adquisición Fuente de adquisición Total de préstamos Signatura topográfica completa Código de barras Visto por última vez Precio de reemplazo Tipo de ítem Koha
        Biblioteca del Ateneo de Madrid Biblioteca del Ateneo de Madrid Depósito 2 17/01/2008     L-6732 1064544 23/02/2023 23/02/2023 Libro impreso
        Biblioteca del Ateneo de Madrid Biblioteca del Ateneo de Madrid Depósito 2 17/01/2008     L-10619 1064543 23/02/2023 23/02/2023 Libro impreso